=LDR 00000nam 2200000 4500 =001 INLIS000000000003168 =005 20130612091459 =008 ***********************************Ind** =035 ##$$0010-061300000003168 =041 ##$$a Ind =082 ##$$a 636.688 959 3 =090 ##$$a 636.688 959 3, Tur s =100 ##$$a Turut, Rusli =245 ##$$a Sukses memelihara burung berkicau dari Thailand / Rusli Turut. -- =260 ##$$a 1998 $b Jakarta : Penebar Swadaya =300 ##$$a vii, 72 hlm. : ilus. ; 21 cm =650 ##$$a Petenakan Burung =850 ##$$a NBPNMAT